| 000 | 00601nam a2200241 a 4500 | ||
|---|---|---|---|
| 001 | nice12345678 | ||
| 003 | IN_TiNIC | ||
| 005 | 20260116011652.0 | ||
| 008 | 050524s1970 cama grp 000 0 eng | ||
| 020 |
_a _c6 |
||
| 082 | 0 | 0 |
_a421.5 _bOCO |
| 100 | _aO`Connor, J D | ||
| 245 | _aBetter English Pronunciation | ||
| 260 |
_aCambridge _bCambridge University Press _c1970 |
||
| 300 | _a178p | ||
| 500 | _aincludes index and biblioraphy | ||
| 505 | 2 | _aBibliography | |
| 650 | _aEnglish-Language Pronunciation | ||
| 700 | 1 | _aO`Connor, J D | |
| 902 | _bSRS | ||
| 942 | _cBK | ||
| 999 |
_c3276 _d3276 |
||